000 00628nam a2200205Ia 4500
001 15271
003 GE_BSU
008 181216s||||||||xx |||||||||||||| ||und||
040 _cGE_BSU
080 _a821.353.1-32
100 _aშენგელაია,დემნა
245 _aმოთხრობები.
245 _cრედ.ქ.თავაძე, მხატვ.ნ.ხონგელი
260 _aთბილისი
260 _bსაბჭოთა საქართველო
260 _c1966
300 _a454გვ.20სმ.
653 _aმოთხრობები.
942 _cBK
999 _c48383
_d48383